[Event "Gibraltar Amateurs B"]
[Site "Gibraltar"]
[Date "2019.01.27"]
[Round "2.13"]
[White "Olaizola, Miguel"]
[Black "Bauer, Dieter"]
[Result "0-1"]
[WhiteElo "1831"]
[BlackElo "1714"]
[PlyCount "61"]
[EventDate "2019.01.26"]
[EventType "swiss"]
[EventRounds "5"]
[EventCountry "GGB"]

1. e4 d6 2. d4 Nf6 3. Nc3 e5 4. dxe5 dxe5 5. Bd3 Be6 6. Nf3 Bd6 7. Bg5 c6 8.
O-O O-O 9. Nh4 Bc5 10. Na4 Be7 11. Nf5 Bxf5 12. exf5 Nbd7 13. c4 Qc7 14. Qc2
Rfe8 15. f3 Rad8 16. Be3 Qb8 17. Rad1 Bd6 18. Be4 Bc7 19. Qf2 a6 20. Ba7 Qa8
21. Be3 Qb8 22. c5 Nxe4 23. fxe4 Nf6 24. Qf3 Rxd1 25. Rxd1 Rd8 26. Rxd8+ Qxd8
27. Nc3 Ba5 28. Bg5 Qd4+ 29. Kf1 Qc4+ 30. Qe2 Qxe2+ 31. Kxe2 0-1

[Event "Gibraltar Amateurs B"]
[Site "Gibraltar"]
[Date "2019.01.27"]
[Round "2.14"]
[White "Kearsley, Raymond J"]
[Black "Francois-Haugrin, Said"]
[Result "0-1"]
[WhiteElo "1537"]
[BlackElo "1825"]
[PlyCount "60"]
[EventDate "2019.01.26"]
[EventType "swiss"]
[EventRounds "5"]
[EventCountry "GGB"]

1. e4 c5 2. Nf3 Nc6 3. Bb5 e6 4. c3 d5 5. exd5 exd5 6. d4 Nf6 7. O-O Be7 8. Ne5
Bd7 9. Nxd7 Qxd7 10. Bg5 O-O 11. dxc5 a6 12. Ba4 h6 13. Bxf6 Bxf6 14. Na3 Rad8
15. Nc2 Qe7 16. Bxc6 bxc6 17. Nd4 Qxc5 18. Qd3 a5 19. Rfe1 Qb6 20. Re2 a4 21.
Rae1 Rb8 22. Rb1 Rfd8 23. Nf5 Kh8 24. Qh3 Kh7 25. Re3 Re8 26. Rd3 Qxb2 27. Rbd1
Qe2 28. f4 Rb2 29. Qg3 Rxa2 30. Ne3 Rxe3 0-1

[Event "Gibraltar Amateurs B"]
[Site "Gibraltar"]
[Date "2019.01.27"]
[Round "2.15"]
[White "Dhanwani, Aditya"]
[Black "Parker, Keith"]
[Result "0-1"]
[WhiteElo "1497"]
[BlackElo "1810"]
[PlyCount "86"]
[EventDate "2019.01.26"]
[EventType "swiss"]
[EventRounds "5"]
[EventCountry "GGB"]

1. d4 d5 2. Nf3 c6 3. Bf4 Qb6 4. Qc1 Bg4 5. Nbd2 Nd7 6. e3 Ngf6 7. Be2 Nh5 8.
Bg3 Nxg3 9. fxg3 f6 10. O-O e5 11. Bd1 Be7 12. c3 g5 13. b4 h5 14. Ne1 Be6 15.
Bc2 e4 16. Nb3 Qc7 17. a4 h4 18. g4 h3 19. g3 Bxg4 20. Bd1 Be6 21. Nc5 Bxc5 22.
bxc5 b6 23. cxb6 axb6 24. Bb3 Rf8 25. c4 Qd6 26. cxd5 cxd5 27. Qd1 Ke7 28. Nc2
Rac8 29. Na3 Qb4 30. Nb5 Kf7 31. Na7 Rc3 32. Rb1 Rxe3 33. Qh5+ Kg7 34. Bxd5 Qd2
35. Rf2 Re1+ 36. Rxe1 Qxe1+ 37. Rf1 Qe3+ 38. Rf2 Bxd5 39. Nb5 Be6 40. Nd6 Qxd4
41. Ne8+ Rxe8 42. Qxe8 Bf7 43. Qc8 e3 0-1

[Event "Gibraltar Amateurs B"]
[Site "Gibraltar"]
[Date "2019.01.27"]
[Round "2.16"]
[White "Sharma, Pankaj"]
[Black "Gillis Glastone, Philippe"]
[Result "1-0"]
[WhiteElo "1809"]
[BlackElo "1658"]
[PlyCount "103"]
[EventDate "2019.01.26"]
[EventType "swiss"]
[EventRounds "5"]
[EventCountry "GGB"]

1. b3 Nf6 2. Bb2 c5 3. Nf3 Nc6 4. e3 e6 5. d4 d5 6. Bd3 Be7 7. O-O O-O 8. Nbd2
Nb4 9. Be2 Bd7 10. a3 Nc6 11. Bd3 Qc7 12. Ne5 Rad8 13. f4 cxd4 14. exd4 Qb6 15.
c3 Be8 16. Rf3 Bd6 17. Kh1 Ne4 18. Nxe4 dxe4 19. Bxe4 f5 20. Bxc6 bxc6 21. Rd3
Bxe5 22. fxe5 Bg6 23. c4 f4 24. Rd2 Rf5 25. b4 Rdf8 26. Rf2 Qd8 27. Qf3 Qh4 28.
Raf1 Rh5 29. g3 Qh3 30. g4 Rh4 31. Qxh3 Rxh3 32. Rxf4 Rxf4 33. Rxf4 Rb3 34. Rf2
Rd3 35. h4 Rh3+ 36. Kg2 Rxh4 37. Kg3 Rh1 38. Rd2 Re1 39. d5 cxd5 40. cxd5 exd5
41. Rxd5 h6 42. Rd7 Rg1+ 43. Kf3 Rf1+ 44. Ke2 Rb1 45. Bd4 Rb3 46. e6 Bd3+ 47.
Kd2 Bb5 48. Rxg7+ Kf8 49. e7+ Ke8 50. Bxa7 Rxa3 51. Bc5 Rb3 52. Rg8+ 1-0

[Event "Gibraltar Amateurs B"]
[Site "Gibraltar"]
[Date "2019.01.27"]
[Round "2.17"]
[White "Andersen, Guttorm"]
[Black "Mahi, Amit Doshi"]
[Result "1/2-1/2"]
[WhiteElo "1801"]
[BlackElo "1469"]
[PlyCount "59"]
[EventDate "2019.01.26"]
[EventType "swiss"]
[EventRounds "5"]
[EventCountry "GGB"]

1. d4 d5 2. c4 c6 3. Nc3 Nf6 4. Nf3 Bf5 5. e3 e6 6. Bd3 Bxd3 7. Qxd3 Bd6 8. O-O
O-O 9. c5 Bc7 10. b4 Re8 11. a4 Qe7 12. Ba3 Nbd7 13. Ra2 Rab8 14. Rc2 e5 15.
dxe5 Bxe5 16. Ne2 a6 17. Rfc1 Bc7 18. b5 Ne5 19. Nxe5 Qxe5 20. g3 axb5 21. axb5
Qh5 22. Kg2 Ng4 23. h3 Ne5 24. Qd1 Nc4 25. Rxc4 dxc4 26. bxc6 Rbd8 27. Qc2 Qd5+
28. Kg1 Qd3 29. Bb4 bxc6 30. Qxc4 1/2-1/2

[Event "Gibraltar Amateurs B"]
[Site "Gibraltar"]
[Date "2019.01.27"]
[Round "2.18"]
[White "Cordero Infante, Ivan"]
[Black "Mircov, Nicola-Alexandar"]
[Result "0-1"]
[WhiteElo "1417"]
[BlackElo "1797"]
[PlyCount "62"]
[EventDate "2019.01.26"]
[EventType "swiss"]
[EventRounds "5"]
[EventCountry "GGB"]

1. e4 c5 2. Nc3 e6 3. Nf3 a6 4. d3 b5 5. Bd2 Nc6 6. g3 d5 7. Bg2 Nf6 8. O-O b4
9. Ne2 dxe4 10. dxe4 Nxe4 11. Ne5 Nxe5 12. Bxe4 Ra7 13. Bf4 Bd6 14. b3 O-O 15.
Nc1 Rd7 16. Bxe5 Bxe5 17. Nd3 Bxa1 18. Qxa1 Qc7 19. Qd1 c4 20. bxc4 Qxc4 21.
Qe1 Rd4 22. Bf3 Qxc2 23. Nxb4 Qd2 24. Qxd2 Rxd2 25. Rc1 e5 26. Nc6 Be6 27. a4
f6 28. Rb1 g5 29. Rb6 g4 30. Ne7+ Kf7 31. Rb7 Rd7 0-1

[Event "Gibraltar Amateurs B"]
[Site "Gibraltar"]
[Date "2019.01.27"]
[Round "2.19"]
[White "Marcos Herrero, Francisco"]
[Black "Harbinson, Alec Ryan"]
[Result "1-0"]
[WhiteElo "1855"]
[BlackElo "1054"]
[PlyCount "91"]
[EventDate "2019.01.26"]
[EventType "swiss"]
[EventRounds "5"]
[EventCountry "GGB"]

1. d4 d5 2. c4 e6 3. Nf3 c6 4. Nc3 Nf6 5. g3 a6 6. b3 Nbd7 7. Bg2 Qc7 8. O-O b5
9. Bf4 Bd6 10. Qd2 Bxf4 11. Qxf4 Qxf4 12. gxf4 Bb7 13. c5 O-O 14. Ne5 Nxe5 15.
dxe5 Nd7 16. b4 a5 17. a3 axb4 18. axb4 Rxa1 19. Rxa1 Ra8 20. Rxa8+ Bxa8 21. e3
g6 22. Kf1 h6 23. h4 Kg7 24. Bh3 Kf8 25. Ke2 Bb7 26. Kd3 Ke7 27. e4 f5 28.
exf6+ Nxf6 29. f3 h5 30. Ne2 Nd7 31. Nd4 e5 32. Bxd7 exd4 33. Bh3 Kf6 34. Kxd4
Ke7 35. Ke5 Ba8 36. f5 Kf7 37. f6 Bb7 38. Be6+ Ke8 39. exd5 cxd5 40. f4 Bc6 41.
Bxd5 Bxd5 42. Kxd5 Kf7 43. c6 g5 44. fxg5 Kg6 45. c7 Kh7 46. c8=Q 1-0

[Event "Gibraltar Amateurs B"]
[Site "Gibraltar"]
[Date "2019.01.27"]
[Round "2.21"]
[White "Wadhwani, Sunil"]
[Black "Riedel, Michael"]
[Result "1-0"]
[WhiteElo "1841"]
[BlackElo "1587"]
[PlyCount "80"]
[EventDate "2019.01.26"]
[EventType "swiss"]
[EventRounds "5"]
[EventCountry "GGB"]

1. e4 e6 2. d4 d5 3. e5 c5 4. c3 Nc6 5. Nf3 Bd7 6. Bd3 Be7 7. O-O a6 8. a3 c4
9. Bc2 b5 10. Be3 h5 11. h3 Nh6 12. Nh2 Nf5 13. Bc1 a5 14. f4 Qb6 15. Nf3 a4
16. Kh2 O-O-O 17. Ng5 Rdf8 18. Qe2 Na5 19. Nd2 f6 20. Bxf5 fxg5 21. Bg6 gxf4
22. Bxh5 Bh4 23. Bg4 Bg3+ 24. Kg1 Qd8 25. Rf3 g5 26. Nf1 Nb3 27. Rb1 Bh4 28.
Bd2 Qe7 29. Be1 Kc7 30. Nh2 Qh7 31. Rd1 Qe4 32. Qf1 Bxe1 33. Rxe1 Qg6 34. Rf2
Be8 35. Bf3 Kd7 36. Ng4 Na5 37. Nf6+ Ke7 38. Bg4 Nc6 39. Qe2 Rxf6 40. exf6+
Qxf6 1-0

[Event "Gibraltar Amateurs B"]
[Site "Gibraltar"]
[Date "2019.01.27"]
[Round "2.22"]
[White "Manukonda, Arun"]
[Black "Haddock, Paul"]
[Result "1-0"]
[WhiteElo "1814"]
[BlackElo "1580"]
[PlyCount "73"]
[EventDate "2019.01.26"]
[EventType "swiss"]
[EventRounds "5"]
[EventCountry "GGB"]

1. d4 e5 2. dxe5 Nc6 3. Nf3 Qe7 4. Qd5 Nb4 5. Qb3 Qe6 6. Qxe6+ dxe6 7. Na3 Bd7
8. c3 Nc6 9. Nc2 Bc5 10. Bf4 Nge7 11. e3 Ng6 12. Bg3 O-O-O 13. O-O-O a6 14. Bd3
Be7 15. Ncd4 Nxd4 16. exd4 Bc6 17. h4 h5 18. Ne1 Kb8 19. f4 b5 20. f5 exf5 21.
Bxf5 Nf8 22. Rf1 Bd5 23. Kb1 f6 24. Nf3 Bxf3 25. gxf3 Nd7 26. Bxd7 Rxd7 27. f4
fxe5 28. fxe5 Bd8 29. e6 Rd5 30. Rf7 Re8 31. Re1 Be7 32. Rxg7 Kc8 33. Re5 Rxe5
34. Bxe5 Bxh4 35. Rxc7+ Kd8 36. Rd7+ Kc8 37. d5 1-0

[Event "Gibraltar Amateurs B"]
[Site "Gibraltar"]
[Date "2019.01.27"]
[Round "2.23"]
[White "Longdin, Michael"]
[Black "Koreywo, Witold"]
[Result "1-0"]
[WhiteElo "1735"]
[BlackElo "1553"]
[PlyCount "61"]
[EventDate "2019.01.26"]
[EventType "swiss"]
[EventRounds "5"]
[EventCountry "GGB"]

1. d4 d5 2. Bf4 e6 3. e3 Nf6 4. c3 Bd6 5. Bg3 O-O 6. Nf3 c6 7. Nbd2 Qc7 8. Bd3
Nbd7 9. e4 dxe4 10. Nxe4 Nxe4 11. Bxe4 Nf6 12. Bc2 g6 13. Ne5 Nd7 14. Qe2 Nxe5
15. dxe5 Be7 16. h4 Rd8 17. h5 Rd5 18. hxg6 fxg6 19. Bb3 Rc5 20. Rd1 a5 21. Qe3
a4 22. Bc2 Raa5 23. Qh6 Bf8 24. Rd8 Rxe5+ 25. Kf1 Qg7 26. Qxg7+ Kxg7 27. Bxe5+
Rxe5 28. Rxc8 Rd5 29. Ke2 Rb5 30. b3 Re5+ 31. Kf3 1-0

[Event "Gibraltar Amateurs B"]
[Site "Gibraltar"]
[Date "2019.01.27"]
[Round "2.24"]
[White "Savage, Neil"]
[Black "Gonzalez Pabollet, Jesus Maria S"]
[Result "0-1"]
[WhiteElo "1585"]
[BlackElo "1875"]
[PlyCount "72"]
[EventDate "2019.01.26"]
[EventType "swiss"]
[EventRounds "5"]
[EventCountry "GGB"]

1. e4 d5 2. exd5 Nf6 3. Bb5+ Bd7 4. Qe2 Nxd5 5. d4 Nc6 6. Nf3 g6 7. c4 Nf6 8.
d5 Nb4 9. Bxd7+ Qxd7 10. O-O Bg7 11. Re1 O-O 12. a3 Na6 13. Qxe7 Qf5 14. Qe5
Qxe5 15. Nxe5 Rae8 16. Nd2 Nc5 17. Rb1 Ng4 18. Nef3 Rxe1+ 19. Nxe1 Bd4 20. b4
Re8 21. Bb2 Bxf2+ 22. Kf1 Bxe1 23. Nf3 Nd3 24. h3 Ne3+ 25. Kg1 Bg3 26. Bd4 Nf4
27. Rb3 Ne2+ 28. Kh1 Nxd4 29. Nxd4 h5 30. Nb5 Nf5 31. Rb1 a6 32. Nc3 Re3 33.
Rc1 h4 34. a4 Nd4 35. b5 Nb3 36. Rf1 Rxc3 0-1

[Event "Gibraltar Amateurs B"]
[Site "Gibraltar"]
[Date "2019.01.27"]
[Round "2.25"]
[White "Naldrett, Geoffrey"]
[Black "Thjomoe, Hans Richard"]
[Result "0-1"]
[WhiteElo "1557"]
[BlackElo "1836"]
[PlyCount "138"]
[EventDate "2019.01.26"]
[EventType "swiss"]
[EventRounds "5"]
[EventCountry "GGB"]

1. c4 f5 2. Nf3 Nf6 3. Nc3 e6 4. g3 Be7 5. Bg2 O-O 6. d4 d6 7. O-O a5 8. a3 Bd7
9. Rb1 Nc6 10. b4 axb4 11. axb4 Ne4 12. Qc2 d5 13. c5 Bf6 14. Rd1 Ne7 15. Ne5
Be8 16. f3 Nxc3 17. Qxc3 Bb5 18. Qe3 Ra2 19. Rd2 Qa8 20. Bf1 Qa6 21. Rxa2 Qxa2
22. Qb3 Ra8 23. Qxa2 Rxa2 24. Bb2 g5 25. f4 gxf4 26. gxf4 Bxe5 27. dxe5 Nc6 28.
e3 Bxf1 29. Kxf1 Kf7 30. Kg1 Ke7 31. Bc3 Ra3 32. Bd2 d4 33. Kf2 dxe3+ 34. Bxe3
Ra2+ 35. Kg3 Kf7 36. Rd1 Ke7 37. Bd2 Nd4 38. Kf2 Nc2 39. Kg3 Rb2 40. Kh4 Nxb4
41. Bxb4 Rxb4 42. Kg5 Rc4 43. Rb1 Rxc5 44. Rxb7 Rc2 45. h4 Kd7 46. h5 Rc4 47.
Rb8 Kc6 48. Rh8 Kd5 49. Rxh7 c5 50. h6 Rc1 51. Rd7+ Ke4 52. h7 Rh1 53. Kg6 Kxf4
54. Kg7 Rg1+ 55. Kf6 Rh1 56. Kxe6 Ke4 57. Rf7 Rh6+ 58. Rf6 Rxh7 59. Rxf5 c4 60.
Kf6 Rh6+ 61. Kg5 Rh5+ 62. Kxh5 Kxf5 63. Kh4 Kxe5 64. Kg3 Kd4 65. Kf2 Kd3 66.
Ke1 Kc2 67. Ke2 c3 68. Ke1 Kb2 69. Kd1 c2+ 0-1

[Event "Gibraltar Amateurs B"]
[Site "Gibraltar"]
[Date "2019.01.27"]
[Round "2.26"]
[White "Verhoeven, Rudiger"]
[Black "Dennis, Nigel W"]
[Result "0-1"]
[WhiteElo "1552"]
[BlackElo "1805"]
[PlyCount "98"]
[EventDate "2019.01.26"]
[EventType "swiss"]
[EventRounds "5"]
[EventCountry "GGB"]

1. d4 Nf6 2. Nf3 g6 3. c4 Bg7 4. e3 O-O 5. Nc3 d6 6. h3 Nbd7 7. Be2 b6 8. O-O
Bb7 9. Nd2 Re8 10. Bf3 Bxf3 11. Qxf3 e5 12. dxe5 Nxe5 13. Qe2 Qd7 14. Nf3 Qc6
15. Nxe5 Rxe5 16. Bd2 Rae8 17. Rad1 a5 18. Bc1 Nh5 19. Nd5 Re4 20. b3 Nf4 21.
Nxf4 Rxf4 22. Qd3 Rfe4 23. f3 R4e7 24. e4 Qd7 25. Bf4 Qe6 26. Bg5 Bf6 27. Bxf6
Qxf6 28. Rd2 Qe5 29. Qd4 Qxd4+ 30. Rxd4 Kg7 31. g4 Re5 32. Kg2 h5 33. Kg3 hxg4
34. hxg4 a4 35. Rf2 axb3 36. axb3 Ra5 37. Rb2 Rea8 38. Kf4 Kf6 39. Rd5 g5+ 40.
Ke3 Rxd5 41. cxd5 Ke5 42. Rc2 Ra3 43. Rc3 f6 44. Kd3 b5 45. Rxc7 Rxb3+ 46. Rc3
Rxc3+ 47. Kxc3 Kf4 48. Kb4 Kxf3 49. Kxb5 Kxe4 0-1

[Event "Gibraltar Amateurs B"]
[Site "Gibraltar"]
[Date "2019.01.27"]
[Round "2.27"]
[White "Alonso Prieto, Victor"]
[Black "Matto, Manuel"]
[Result "1/2-1/2"]
[WhiteElo "1500"]
[BlackElo "1769"]
[PlyCount "57"]
[EventDate "2019.01.26"]
[EventType "swiss"]
[EventRounds "5"]
[EventCountry "GGB"]

1. d4 Nf6 2. Nf3 d5 3. c4 e6 4. g3 Be7 5. Bg2 O-O 6. O-O dxc4 7. Ne5 c5 8. dxc5
Bxc5 9. Nxc4 Qe7 10. Qb3 Nc6 11. Be3 Nd5 12. Bxc5 Qxc5 13. e3 Rb8 14. Nbd2 b5
15. Na3 Na5 16. Qc2 Qb6 17. Rfc1 Bb7 18. Qc5 b4 19. Qxb6 Nxb6 20. Nac4 Naxc4
21. Nxc4 Bxg2 22. Kxg2 g6 23. Nxb6 Rxb6 24. Rc7 Ra8 25. Rd1 a5 26. Rdd7 Rf8 27.
Ra7 Rb5 28. Rd6 Rc8 29. Rdd7 1/2-1/2

[Event "Gibraltar Amateurs B"]
[Site "Gibraltar"]
[Date "2019.01.27"]
[Round "2.28"]
[White "Christophe-Hayot, Romain"]
[Black "Galinskyi, Mykhalo"]
[Result "1/2-1/2"]
[WhiteElo "1729"]
[BlackElo "1540"]
[PlyCount "98"]
[EventDate "2019.01.26"]
[EventType "swiss"]
[EventRounds "5"]
[EventCountry "GGB"]

1. d4 d5 2. Nc3 Nf6 3. Bf4 a6 4. e3 e6 5. Nf3 Bb4 6. Bd3 Nbd7 7. Ne5 Nxe5 8.
Bxe5 Bd6 9. Bxf6 Qxf6 10. a3 c5 11. dxc5 Bxc5 12. O-O b5 13. e4 Bd4 14. exd5
Bxc3 15. bxc3 exd5 16. a4 bxa4 17. Rxa4 O-O 18. Qh5 Rd8 19. Qxh7+ Kf8 20. Qh4
Qxh4 21. Rxh4 Be6 22. Ra4 Rdc8 23. Rfa1 Rxc3 24. Rxa6 Rac8 25. Ra8 Ke7 26. Rxc8
Rxc8 27. f4 g6 28. Ra7+ Kf6 29. Ra6 Kg7 30. Kf2 Kh6 31. f5 gxf5 32. Bxf5 Kg5
33. Bd3 Bf5 34. Ke3 Be6 35. Ra4 Rh8 36. h3 Re8 37. Kf2 Rh8 38. Kg3 Rc8 39. Rd4
Rh8 40. c4 Rd8 41. h4+ Kh5 42. Be2+ Kh6 43. Kf4 Rd7 44. g4 dxc4 45. g5+ Kg7 46.
Rxd7 Bxd7 47. Bxc4 f6 48. Bd3 fxg5+ 49. Kxg5 Kh8 1/2-1/2

[Event "Gibraltar Amateurs B"]
[Site "Gibraltar"]
[Date "2019.01.27"]
[Round "2.30"]
[White "Bryant, Richard B E"]
[Black "Mahbubani, Arun"]
[Result "1-0"]
[WhiteElo "1862"]
[BlackElo "1261"]
[PlyCount "89"]
[EventDate "2019.01.26"]
[EventType "swiss"]
[EventRounds "5"]
[EventCountry "GGB"]

1. e4 c5 2. Nc3 Nc6 3. f4 e6 4. Nf3 d6 5. Bb5 Nge7 6. O-O b6 7. b3 Bb7 8. Bb2
a6 9. Bd3 Qd7 10. a3 f6 11. Qe1 O-O-O 12. b4 Na7 13. Qf2 g6 14. Na2 Bg7 15. a4
Qxa4 16. bxc5 dxc5 17. Ng5 Rxd3 18. cxd3 Qd7 19. Qe3 Nec6 20. Nf3 Rd8 21. Nc1
Nb4 22. Ne1 f5 23. e5 Qb5 24. Ba3 Nd5 25. Qh3 h5 26. Qg3 Qe8 27. Nf3 Nc6 28.
Rb1 b5 29. Bxc5 Bh6 30. Ne2 Qf7 31. Rfc1 Bf8 32. Ned4 Bxc5 33. Rxc5 Kc7 34. Ng5
Qe7 35. Rbc1 Kb6 36. Nxc6 Bxc6 37. Rxc6+ Kb7 38. Qf3 Rd7 39. Nxe6 b4 40. Rc7+
Kb6 41. Qf2+ Kb5 42. Rxd7 Qxd7 43. Qc5+ Ka4 44. Ra1+ Kb3 45. Nd4+ 1-0

[Event "Gibraltar Amateurs B"]
[Site "Gibraltar"]
[Date "2019.01.27"]
[Round "2.31"]
[White "Murray, J Stephen"]
[Black "Jimenez Urquijo, Juan Manuel"]
[Result "1/2-1/2"]
[WhiteElo "1770"]
[BlackElo "1570"]
[PlyCount "47"]
[EventDate "2019.01.26"]
[EventType "swiss"]
[EventRounds "5"]
[EventCountry "GGB"]

1. e4 c5 2. Be2 e6 3. f4 Nc6 4. Nf3 d5 5. d3 dxe4 6. dxe4 Qxd1+ 7. Bxd1 b6 8.
O-O Ba6 9. Re1 Rd8 10. e5 Nge7 11. Nc3 Nf5 12. g4 Nfd4 13. Be3 Bb7 14. Bf2 Nb4
15. Nxd4 cxd4 16. Ne4 Nd5 17. f5 Ne3 18. Nd6+ Bxd6 19. exd6 Nxd1 20. Raxd1 Rxd6
21. fxe6 Ke7 22. Rxd4 Rxd4 23. Bxd4 fxe6 24. h3 1/2-1/2

[Event "Gibraltar Amateurs B"]
[Site "Gibraltar"]
[Date "2019.01.27"]
[Round "2.32"]
[White "Whitworth, John"]
[Black "Oliva Parra, Ernesto"]
[Result "1-0"]
[WhiteElo "1690"]
[BlackElo "1535"]
[PlyCount "137"]
[EventDate "2019.01.26"]
[EventType "swiss"]
[EventRounds "5"]
[EventCountry "GGB"]

1. e4 e5 2. Nf3 Nc6 3. Bc4 Nd4 4. O-O Bd6 5. c3 Nxf3+ 6. Qxf3 Qf6 7. Qxf6 Nxf6
8. Re1 Bc5 9. d3 Ng4 10. Re2 d6 11. h3 Nf6 12. Nd2 a6 13. Nf3 h6 14. d4 exd4
15. cxd4 Bb6 16. e5 dxe5 17. dxe5 Nh7 18. Bd2 Be6 19. Bxe6 fxe6 20. Bc3 O-O-O
21. Rc1 Rhe8 22. Rec2 Re7 23. Bb4 Red7 24. Bc5 Bxc5 25. Rxc5 Nf8 26. g3 b6 27.
Rc6 Kb7 28. Kg2 Re7 29. Nh4 g5 30. Nf3 Rd5 31. R6c4 Ng6 32. Re1 Rf7 33. Re2 Rd3
34. Nd4 Nf8 35. Nc6 Rfd7 36. Rec2 Rg7 37. h4 g4 38. Rf4 Nh7 39. Rd4 Rxd4 40.
Nxd4 Nf8 41. f4 gxf3+ 42. Kxf3 h5 43. Ne2 Ng6 44. Ke4 Ne7 45. Nf4 Rxg3 46. Nxe6
Rg4+ 47. Kf3 c6 48. Rg2 Rxg2 49. Kxg2 Ng6 50. Kg3 Nxe5 51. Nf4 Kc7 52. Nxh5 Kd6
53. Nf4 Ke7 54. h5 Nf7 55. Nd3 a5 56. Kf4 Kf6 57. Nf2 Ke6 58. Ng4 b5 59. h6 c5
60. h7 c4 61. Nh6 Nh8 62. Ke4 Kd6 63. Kd4 Ng6 64. Nf5+ Kc7 65. Kc5 a4 66. Kxb5
a3 67. bxa3 c3 68. Kb4 Kb6 69. Kxc3 1-0

[Event "Gibraltar Amateurs B"]
[Site "Gibraltar"]
[Date "2019.01.27"]
[Round "2.33"]
[White "Mahbubani, Dev"]
[Black "Butusina, Samuel"]
[Result "0-1"]
[WhiteElo "1343"]
[BlackElo "1688"]
[PlyCount "46"]
[EventDate "2019.01.26"]
[EventType "swiss"]
[EventRounds "5"]
[EventCountry "GGB"]

1. f4 d5 2. Nf3 Bg4 3. e3 Nd7 4. d4 Bxf3 5. Qxf3 e6 6. Nc3 a6 7. Qg3 Ngf6 8.
Be2 Bd6 9. Bf3 Qe7 10. e4 dxe4 11. Nxe4 Nxe4 12. Bxe4 O-O-O 13. Qf3 c6 14. Be3
Nf6 15. Bxc6 bxc6 16. Qxc6+ Qc7 17. Qxa6+ Kd7 18. O-O-O Ra8 19. Qb5+ Ke7 20.
Qb3 Rhb8 21. Qd3 Rxa2 22. Kb1 Rbxb2+ 23. Kc1 Rxc2+ 0-1

[Event "Gibraltar Amateurs B"]
[Site "Gibraltar"]
[Date "2019.01.27"]
[Round "2.34"]
[White "Apps, Ian"]
[Black "Izzard, Brian J"]
[Result "0-1"]
[WhiteElo "1312"]
[BlackElo "1670"]
[PlyCount "68"]
[EventDate "2019.01.26"]
[EventType "swiss"]
[EventRounds "5"]
[EventCountry "GGB"]

1. d4 d5 2. Bf4 Nf6 3. e3 Bf5 4. c3 e6 5. Qb3 Qc8 6. Nd2 Be7 7. h3 h6 8. Be2
O-O 9. g4 Bh7 10. h4 Nbd7 11. g5 hxg5 12. hxg5 Ne4 13. Ngf3 c5 14. Bd3 c4 15.
Qc2 cxd3 16. Qxd3 Bf5 17. Qf1 f6 18. Qg2 fxg5 19. Nxg5 Nxg5 20. Bxg5 Bxg5 21.
Qxg5 Qd8 22. Qg3 Nf6 23. Ke2 Ne4 24. Nxe4 Bxe4 25. Rh6 Rf6 26. Rg1 Qe7 27. Qh4
Raf8 28. Rh8+ Kf7 29. Qh5+ Bg6 30. Rxf8+ Qxf8 31. Qe5 Kg8 32. Qh2 Be4 33. Rf1
Qc8 34. f3 Bd3+ 0-1

[Event "Gibraltar Amateurs B"]
[Site "Gibraltar"]
[Date "2019.01.27"]
[Round "2.35"]
[White "Russell, Logan"]
[Black "Krause, Helmut"]
[Result "1-0"]
[WhiteElo "1185"]
[BlackElo "1668"]
[PlyCount "83"]
[EventDate "2019.01.26"]
[EventType "swiss"]
[EventRounds "5"]
[EventCountry "GGB"]

1. e4 c5 2. Nf3 e6 3. d4 cxd4 4. Nxd4 a6 5. Bd3 Be7 6. b3 Nf6 7. Bb2 d6 8. Nd2
O-O 9. O-O Nbd7 10. Re1 Qc7 11. Nf1 Ne8 12. Ng3 Qc5 13. c4 Bf6 14. Bc2 Ne5 15.
Qe2 Ng6 16. Red1 Nf4 17. Qe3 Bg5 18. Qc3 Bf6 19. Rd2 Qg5 20. Bc1 Be5 21. Rd1
Nf6 22. Bxf4 Bxf4 23. Nf3 Qc5 24. Qd3 Ng4 25. Rf1 h5 26. e5 g6 27. exd6 Qxd6
28. Qxd6 Bxd6 29. Rad1 Bc5 30. Ne4 Bb6 31. h3 Nh6 32. Nd6 Nf5 33. Nxc8 Raxc8
34. Ne5 Rfd8 35. Nd7 Bd4 36. Bxf5 gxf5 37. Rxd4 Kg7 38. Rfd1 Rc7 39. Ne5 Rxd4
40. Rxd4 Kf6 41. Rd7 Rxd7 42. Nxd7+ 1-0

[Event "Gibraltar Amateurs B"]
[Site "Gibraltar"]
[Date "2019.01.27"]
[Round "2.36"]
[White "Moreno Guerrero, Idelfonso"]
[Black "Ralivololona, Hanitriniaina Andri"]
[Result "1-0"]
[WhiteElo "1651"]
[BlackElo "1399"]
[PlyCount "73"]
[EventDate "2019.01.26"]
[EventType "swiss"]
[EventRounds "5"]
[EventCountry "GGB"]

1. e4 e5 2. Nf3 Nc6 3. Bc4 Nf6 4. Ng5 d5 5. exd5 Nxd5 6. Nxf7 Kxf7 7. Qf3+ Qf6
8. Bxd5+ Be6 9. Qxf6+ Kxf6 10. Bxc6 bxc6 11. O-O Bd6 12. Nc3 Bd5 13. d3 Rhf8
14. Ne4+ Kf7 15. Be3 Kg8 16. Bc5 Bxe4 17. Bxd6 cxd6 18. dxe4 d5 19. exd5 cxd5
20. f3 Rae8 21. Rad1 Rd8 22. c3 Rfe8 23. Rfe1 d4 24. cxd4 exd4 25. Rxe8+ Rxe8
26. Rxd4 Re7 27. Rb4 h6 28. a3 Kf7 29. h4 h5 30. Kh2 Kf6 31. Kg3 Re5 32. Kf2 g5
33. hxg5+ Rxg5 34. a4 a5 35. Rb5 Rxb5 36. axb5 Ke6 37. f4 1-0

[Event "Gibraltar Amateurs B"]
[Site "Gibraltar"]
[Date "2019.01.28"]
[Round "3.1"]
[White "Francois-Haugrin, Said"]
[Black "Cernuda Orejas, Victor Manuel"]
[Result "0-1"]
[WhiteElo "1825"]
[BlackElo "1893"]
[PlyCount "82"]
[EventDate "2019.01.26"]
[EventType "swiss"]
[EventRounds "5"]
[EventCountry "GGB"]

1. e4 c6 2. d4 d5 3. e5 c5 4. c3 cxd4 5. cxd4 Nc6 6. Nc3 e6 7. Be3 Nge7 8. g4
h5 9. f3 hxg4 10. fxg4 Ng6 11. Nf3 Qb6 12. Qd2 Bd7 13. O-O-O Bb4 14. Kb1 Rc8
15. Rc1 Na5 16. h4 a6 17. Bd3 Ne7 18. Rhf1 Bb5 19. Bxb5+ axb5 20. b3 Bxc3 21.
Rxc3 Rxc3 22. Qxc3 b4 23. Qd3 Qa6 24. Qxa6 bxa6 25. Bg5 Nac6 26. Rc1 Kd7 27.
Kb2 Ng8 28. a3 f6 29. Bf4 Nh6 30. exf6 gxf6 31. g5 fxg5 32. Bxg5 Nf5 33. axb4
Rb8 34. Ne5+ Nxe5 35. dxe5 Rxb4 36. Rh1 Rg4 37. Bf6 Rg2+ 38. Ka3 Ng3 39. Rh3
Ne4 40. Rf3 Ke8 41. h5 Rh2 0-1

[Event "Gibraltar Amateurs B"]
[Site "Gibraltar"]
[Date "2019.01.28"]
[Round "3.2"]
[White "Pink, Joshua"]
[Black "Parker, Keith"]
[Result "1-0"]
[WhiteElo "1890"]
[BlackElo "1810"]
[PlyCount "91"]
[EventDate "2019.01.26"]
[EventType "swiss"]
[EventRounds "5"]
[EventCountry "GGB"]

1. e4 c6 2. d4 d5 3. e5 Bf5 4. Nc3 e6 5. g4 Bg6 6. Nge2 h6 7. h4 Qb6 8. h5 Bh7
9. a4 Nd7 10. a5 Qd8 11. Bg2 Bb4 12. O-O Bxa5 13. f4 Bb6 14. Be3 Ne7 15. Qd2
O-O 16. Ng3 c5 17. Nb5 cxd4 18. Nxd4 Nc6 19. c3 Qh4 20. Bf2 Nxd4 21. cxd4 Qxg4
22. Qe3 Rac8 23. Bf3 Qh3 24. Rac1 Qh4 25. Nf5 Qxf2+ 26. Kxf2 Bxf5 27. Qd2 Nb8
28. Rxc8 Rxc8 29. Rc1 Nc6 30. Kg3 Bxd4 31. Rxc6 Rxc6 32. Qxd4 Rb6 33. b4 Kh7
34. Be2 g6 35. hxg6+ fxg6 36. b5 g5 37. fxg5 hxg5 38. Bd3 Kg6 39. Bxf5+ Kxf5
40. Kf3 Kg6 41. Kg4 Kh6 42. Qc5 d4 43. Qf8+ Kg6 44. Qf6+ Kh7 45. Kxg5 d3 46.
Qf7+ 1-0